Vista normal Vista MARC

Entrada Personal Name

Número de registros utilizados en: 4

001 - CONTROL NUMBER

  • control field: 20058

003 - CONTROL NUMBER IDENTIFIER

  • control field: OSt

005 - DATE AND TIME OF LATEST TRANSACTION

  • control field: 20210310222041.0

008 - FIXED-LENGTH DATA ELEMENTS

  • fixed length control field: 210310|| aca||aabn | a|a d

040 ## - CATALOGING SOURCE

  • Original cataloging agency: OSt
  • Transcribing agency: OSt

100 ## - HEADING--PERSONAL NAME

  • Personal name: Camacho Montoya, Álvaro

670 ## - SOURCE DATA FOUND

  • Source citation: Work cat.: (OSt): Camacho Montoya, Álvaro, Estatuto Tributario de Bogotá 2012 y Normas Complementarias, Incluye Paquete Tributario 2012 y Acceso a Base de Datos en Internet, 2012